Metro warszawskie 2050 (linie M1, M2, M3, M4, M5) - Statystyki

Ogólne statystyki
  • Ten quiz został rozwiązany 584 razy
  • Średni wynik to 44 z 109
Odpowiedzi na mapie
Odpowiedzi zakodowano w zielono-czerwonej skali na mapie do tego quizu, zgodnie z poniższymi procentami.
 
Statystyki odpowiedzi
Stacja % Poprawnych
Młociny
86%
Kabaty
81%
Centrum
80%
Świętokrzyska
80%
Stadion Narodowy
75%
Wilanów
72%
Bemowo
71%
Rondo ONZ
70%
Stare Bielany
70%
Rondo Daszyńskiego
69%
Bródno
68%
Natolin
68%
Dworzec Gdański
67%
Imielin
67%
Politechnika
67%
Ratusz-Arsenał
67%
Centrum Nauki Kopernik
65%
Marymont
65%
Ursynów
65%
Wilanowska
65%
Służew
62%
Księcia Janusza
61%
Dworzec Wileński
60%
Gocław
59%
Nowy Świat
59%
Pole Mokotowskie
59%
Płocka
58%
Racławicka
58%
Słodowiec
58%
Targówek Mieszkaniowy
57%
Ursus
56%
Plac Wilsona
55%
Trocka
55%
Plac Konstytucji
54%
Szwedzka
54%
Młynów
53%
Kondratowicza
52%
Stokłosy
52%
Zacisze
52%
Wierzbno
51%
Muranów
48%
Ulrychów
47%
Karolin
45%
Chrzanów
43%
Dworzec Wschodni
43%
Tarchomin
43%
Ursus Niedźwiadek
43%
Gocławek
42%
Żwirki i Wigury
42%
Dworzec Zachodni
41%
Lazurowa
40%
Żerań FSO
37%
Służewiec
33%
Plac Narutowicza
29%
Mińska
28%
Wiatraczna
28%
Aleje Jerozolimskie
26%
Plac Zawiszy
26%
Szamoty
25%
Cmentarz Żydowski
23%
Ostrobramska
23%
Rondo Radosława
22%
Toruńska
22%
Potok
21%
Ursus Północny
20%
Filtry
19%
Rakowiec
18%
Siekierki
18%
Stare Świdry
18%
Ruda
16%
Solec
16%
Stegny
16%
Wawrzysew
16%
Banacha
15%
Plac Grunwaldzki
15%
Rondo UE
15%
Saska Kępa
15%
Stary Mokotów
15%
Kercelak
14%
Sobieskiego
14%
Marsa
13%
Piękna
13%
Sielce
12%
Dolina Służewiecka
11%
Henryków
11%
Nowaka Jeziorańskiego
11%
Skorosze
11%
Plac Tysiąclecia
10%
Śmigłowca
10%
Wiktoryn
10%
Czerniaków
9%
Ksawerów
9%
Wyględów
9%
Witolin
8%
Gościniec
7%
Przyczółek Grochowski
7%
Kanał Gocławski
5%
Nie znaleziono quizów pasujących do podanych kryteriów
Rozkład punktacji
Procent ludzi z każdym wynikiem
Percentyl według liczby udzielonych odpowiedzi
Twoja historia wyników
Nie rozwiązałeś tego quizu